Postrehy z výročného členského zhromaždenia Evanjelickej aliancie (EA)

Bibliographic Details
Main Author: Garaj, Ondrej, 1957- (Author)
Format: Article
Language:Slovak
Subjects:

MARC

LEADER 00000nab a2200000 a 4500
001 vtls000512437
003 SK-MaSNL
005 20260303003759.0
008 140402c1994 xo 0 slo
015 |a SNBRB19rr/mm-uuuuu 
035 |a CL0512575 
040 |a SNKBUCL  |b slo  |c SNKBUCL  |e AACR2 
041 0 |a slo 
044 |a xo  |c SK 
080 |a 284.1:061.25:061.3  |2 1981 
100 1 |a Garaj, Ondrej,  |d 1957-  |4 aut  |9 169525 
245 1 0 |a Postrehy z výročného členského zhromaždenia Evanjelickej aliancie (EA)  |c Ondrej Garaj 
650 0 7 |a Evanjelická aliancia  |2 snkbucl  |9 982035 
655 7 |a články z novín a časopisov  |2 snkbucl  |9 267496 
773 0 |t Evanjelický posol spod Tatier  |g Roč. 84, č. 10 (1994), s. 77 
850 |a Slovenská národná knižnica v Martine  |a MTA001 
852 |a SNK  |b KIS3GCP 
957 |a 5301 
958 |a RK 
992 |a RBX 
999 |c 1574420  |d 1576350